Obchodné pohľadávky v účtovníctve subjektov VS

Základné a všeobecné pravidlá účtovania pohľadávok.

Salvato in:
Dettagli Bibliografici
Autore principale: Mintál, Ján
Natura: Capitolo di libro
Lingua:slovacco
Soggetti:
Tags: Aggiungi Tag
Nessun Tag, puoi essere il primo ad aggiungerne!!

MARC

LEADER 00000naa a2200000 4500
001 0204285
005 20231120130727.7
041 0 |a slo 
044 |a SK 
245 1 0 |a Obchodné pohľadávky v účtovníctve subjektov VS  |c Ján Mintál 
520 |a Základné a všeobecné pravidlá účtovania pohľadávok. 
610 2 0 |a pohľadávky 
610 2 0 |a správa verejná 
610 2 0 |a prípady účtovné 
610 2 0 |a účtovanie 
100 1 |a Mintál, Ján